formula 1 races that have been cancelled - Statistics

General Stats
  • This quiz has been taken 242 times
    187 since last reset
  • The average score is 31 of 39
Answer Stats
Year reason for cancelation Answer % Correct
1999 Insufficient track facilities China
94%
2020 COVID-19 China
94%
2021 COVID-19 China
94%
2020 COVID-19 Australia
93%
2021 COVID-19 Australia
93%
1995 Earthquake Pacific
92%
1955 1955 Le Mans disaster France
91%
2020 COVID-19 France
91%
2020 COVID-19 Japan
91%
2021 COVID-19 Japan
91%
2020 COVID-19 USA
91%
1983 environmental protests New York
89%
1984 a nearby CART race wasn't a great success New York
89%
1985 idea was dropped New York
89%
2020 COVID-19 Brazil
87%
2020 COVID-19 Mexico
85%
2020 COVID-19 Canada
81%
2021 COVID-19 Canada
81%
1955 1955 Le Mans disaster Germany
81%
2022 protests Russia
80%
2020 COVID-19 Monaco
79%
1955 1955 Le Mans disaster Spain
79%
2020 COVID-19 Singapore
78%
2021 COVID-19 Singapore
78%
2011 protests Bahrain
76%
1957 Suez crisis Netherlands
74%
2020 COVID-19 Netherlands
74%
1957 Suez crisis Belgium
72%
1969 safety concerns Belgium
72%
1985 track surface started breaking Belgium
72%
2020 COVID-19 Vietnam
69%
2021 COVID-19 Vietnam
67%
1981 political tangle South Africa
63%
2020 COVID-19 Azerbaijan
61%
1997 Safety requests not met Portugal
60%
1999 No financial agreement Argentina
56%
1955 1955 Le Mans disaster Swiss
55%
1983 French tv unwilling to broadcast Swiss
55%
2021 COVID-19 Turkey
48%
No matching quizzes found
Score Distribution
Percent of People with Each Score
Percentile by Number Answered
Your Score History
You have not taken this quiz since the last reset